000 00732 a2200229 4500
999 _c3651
_d3651
020 _a9780415554305 (hardback)
020 _a9780415554312 (pbk.)
020 _a9780203831748 (ebook)
050 0 0 _aPN4815.2 CAL 2011
100 1 _aCalcutt, Andrew
_eauthor
245 1 0 _aJournalism studies :
_ba critical introduction /
_cAndrew Calcutt and Philip Hammond.
264 _a New York :
_bRoutledge,
_c2011
300 _a190 p. :
500 _aincludes index.
504 _aIncludes bibliographical references.
650 0 _aJournalism
_xHistory
650 0 _aJournalism
_xOwnership.
650 0 _aJournalism
_xObjectivity.
650 0 _aCitizen journalism.
700 1 _aHammond, Phil,
_d1964-
942 _2lcc
_cBK
_h4815.2
_iCAL
_kPN